000 00449nam a2200181Ia 4500
001 19159
005 20260306171723.0
008 260306s9999||||xx |||||||||||||| ||und||
041 _aESP
082 _a658.8
_bP59
100 _aPipoli de ButrĂ³n, Gina (Comp.)
_eAUT
245 0 _aCasos de mercadotecnia aplicados a la realidad peruana
260 _c2002
300 _a
_c21 cm.
650 _aGEN
654 _aCAN
942 _cLIB
_dJUS
_fJUS
_2ddc
_n
999 _c19159
_d19159